000 00705nam a2200289Ia 4500
005 20260324125146.0
008 008 260324s9999 xx 000 0 eng d
020 _a9781315698335
037 _aEBOOK
040 _aCRL
040 _beng
040 _cCRL
041 _2eng
041 _aeng
084 _qCRL
100 _aSusan Westcott Alessandri
_91176920
245 0 _aVisual Identity
245 0 _bPromoting and Protecting the Public Face of an Organization
260 _bTaylor and Francis
260 _c2009
365 _a
365 _b300
856 _uhttp://www.taylorfrancis.com/books/9781315698335
942 _cEBOOK
999 _c1771922
_d1771922